Statistics for Soccer - A-Z

Click here to take the quiz!

General Stats

  • This quiz has been taken 59 times
  • The average score is 17 of 26

Answer Stats

HintAnswer% Correct
R - rivals of celticrangers
91%
E - the toffieseverton
91%
A - football team, holland, cleaning productajax
89%
I - nickname of swedish striker signed by united in 2015ibra
89%
Z - red card in last game fifa wc finalzidane
89%
Q - they play at loftus roadqpr
85%
F - the cottagersfulham
81%
Y - first cardyellow
79%
J - the special onejose
75%
uu
74%
xx
72%
S - epl team known as the pottersstoke
72%
P - only epl team ever to start with this letterportsmouth
70%
M - the special onemourinho
70%
L - german captain in 14 fifa wclahm
68%
K - scored first goal for brazil at 06 fifa wcupkaka
68%
N - brothers of man unitedneville
66%
B - formerunited keeper, french, baldbarthez
64%
O - played for reds, red devils, magpies and madridowen
62%
W - they play at vicarage roadwatford
62%
T - country dwight yorke is fromtrinidad
60%
G - english goalkeeper, famous for world cup howlergreen
47%
V - highest epl aussie scorerviduka
45%
H - nickname given to any defender who enjoys kicking the shit outta peoplehack
25%
D - played for fulham, chelsea, melbourne cityduff
23%
C - aleague father son player and coach, he played for gold coastculina
4%

Score Distribution

Percentile by Number Answered

Percent of People with Each Score

Your Score History

You have not taken this quiz